000 01581nam a2200313 i 4500
001 sky304379945
003 SKY
005 20211202154242.0
008 210326s2021 mnuab c b 001 0 eng
010 _a2021002467
020 _a9781684462063
020 _a1684462061
040 _aDLC
_beng
_erda
_cDLC
_dICrlF
_dSKYRV
082 0 0 _a551.21
092 _aJ 551.21 Cer
099 _a551.21 Cerullo, M. 2021
100 1 _aCerullo, Mary M.
_937634
245 1 0 _aVolcano :
_bwhere fire and water meet /
_cby Mary M. Cerullo.
264 1 _aNorth Mankato, Minnesota :
_bCapstone Editions,
_c[2021]
300 _a48 pages :
_bcolor illustrations, color maps ;
_c29 cm.
504 _aIncludes bibliographical references (page 47) and index.
520 _a"Lava shoots in the air, then bubbles down mountains, flattening, burning, and boiling everything in its path. The destructive forces of volcanoes are terrifying and well-known. But what about their other forces? Volcanoes can spur new growth of plants and trees. In the water, they create an environment where coral reefs and sea life can thrive. In fact, the meeting of volcanic fire and ocean water gave way to life on Earth. Stitching science, history, and mythology together, [the author] explores these explosive wonders of nature and reveals the secrets they've been keeping since the beginning of the world"--Provided by publisher.
650 0 _aVolcanoes
_vJuvenile literature.
_95693197
907 _a.b455898716
942 _2ddc
_cBOOK
999 _c368191
_d368191